Leyes penales (Record no. 90316)

MARC details
000 -LEADER
campo de control de longitud fija 00918nam a2200241 i 4500
001 - NÚMERO DE CONTROL
campo de control 90316
003 - IDENTIFICADOR DE NÚMERO DE CONTROL
campo de control ES-MaACL
005 - FECHA Y HORA DE LA ÚLTIMA TRANSACCIÓN
campo de control 20250811144313.0
007 - CAMPO FIJO DE DESCRIPCIÓN FÍSICA--INFORMACIÓN GENERAL
campo de control de longitud fija t|
008 - DATOS DE LONGITUD FIJA--INFORMACIÓN GENERAL
campo de control de longitud fija 050119s1934 sp ||||1| spa d
245 00 - MENCIÓN DEL TÍTULO
Título Leyes penales
Resto del título : (conforme a los textos oficiales) /
Mención de responsabilidad, etc. concordadas, anotadas y con índices completísimos por Mariano Granados y Gregorio Peces-Barba ; con la colaboración de Miguel Carazony.
260 ## - PUBLICACIÓN, DISTRIBUCIÓN, ETC.
Lugar de publicación, distribución, etc. Madrid :
Nombre del editor, distribuidor, etc. [s.n.],
Fecha de publicación, distribución, etc. 1934 (
Fabricante Union Poligráfica)
300 ## - DESCRIPCIÓN FÍSICA
Extensión 18 t. en 1 v. ;
Dimensiones 16 cm.
490 1# - MENCIÓN DE SERIE
Mención de serie Legislación española
490 1# - MENCIÓN DE SERIE
Mención de serie Códigos y leyes españolas
700 1# - ENTRADA AGREGADA--NOMBRE PERSONAL
Nombre de persona Granados y Aguirre, Mariano.
9 (RLIN) 59566
700 1# - ENTRADA AGREGADA--NOMBRE PERSONAL
Nombre de persona Carazony, Miguel.
9 (RLIN) 34985
700 1# - ENTRADA AGREGADA--NOMBRE PERSONAL
Nombre de persona Peces-Barba del Brío, Gregorio,
Fechas asociadas al nombre 1912-1997
9 (RLIN) 89836
830 0# - PUNTO DE ACCESO ADICIONAL DE SERIE-TÍTULO UNIFORME
Título uniforme Legislación española
9 (RLIN) 184145
830 0# - PUNTO DE ACCESO ADICIONAL DE SERIE-TÍTULO UNIFORME
Título uniforme Códigos y leyes españolas
9 (RLIN) 184146
852 ## - LOCALIZACIÓN
Ubicación ES-MaACL
Número de control de estantería A-2430
Holdings
Estatus retirado Estado de pérdida Estado de daño No para préstamo Biblioteca de origen Biblioteca actual Ubicación en estantería Fecha de adquisición Fuente de adquisición Total de préstamos Signatura topográfica completa Código de barras Visto por última vez Precio de reemplazo Tipo de ítem Koha
        Biblioteca del Ateneo de Madrid Biblioteca del Ateneo de Madrid Sala Pecera Planta 1 17/01/2008     A-2430 1094311 23/02/2023 23/02/2023 Libro impreso